00309nam a2200133Ia 4500008004100000020001500041041001200056082001100068100001600079245003000095260003500125300000800160650000700168221030s9999 xx 000 0 und d a8131708705 aEnglish a105.23 aB. M. Moret 4aThe Theory of Computation bPearson EdcuationaDelhic2009 a453 aIT